00354pab a2200145 454500008004000000100001800040245003900058260000900097300001200106362000900118650003300127650001200160700002000172773001600192180718b1997 xxu||||| |||| 00| 0 eng d aSingh, Rashmi aIndian farmer: a disorganaized lot c1997 ap.15-16 aJuly aAgricultural workers - India aFarmers aJhamtani, Anita aKurukshetra